000
00199nam a2200097Ia 4500
008
190216s9999||||xx |||||||||||||| ||und||
100
_a
Null
245
0
_a
Hindi-Sagandi
260
_b
Null
942
_c
BK
999
_c
18271
_d
18271